Los grupos aborígenes del límite occidental del Gran Chaco.- Chiriguano - Chané y Tapuí. Argentina - Bolivia
Gespeichert in:
| Körperschaft: | |
|---|---|
| Format: | Buch |
| Sprache: | Spanisch |
| Veröffentlicht: |
Salta
Artes Gráficas
1978
|
| Ausgabe: | 1a. ed |
| Schriftenreihe: | Cuadernos Franciscanos, 49
|
| Schlagworte: | |
| Tags: |
Tag hinzufügen
Keine Tags, Fügen Sie den ersten Tag hinzu!
|
MARC
| LEADER | 00000nam a2200000 a 4500 | ||
|---|---|---|---|
| 001 | UCJ7262 | ||
| 003 | CL-VaPUC | ||
| 008 | 070124e19780000AG |||||||||||||||||spa|d | ||
| 082 | 0 | 4 | |a 984 |b CEN |2 21 |
| 110 | 2 | |a Centro Argentino de Etnologia Americana |e author |9 515518 | |
| 245 | 1 | 4 | |a Los grupos aborígenes del límite occidental del Gran Chaco.- Chiriguano - Chané y Tapuí. Argentina - Bolivia |
| 250 | |a 1a. ed | ||
| 300 | |a 238 p | ||
| 942 | |c BK | ||
| 945 | |d 20070124 00:00:00 |a rinostro | ||
| 260 | |a Salta |b Artes Gráficas |c 1978 | ||
| 500 | |a Ilustraciones sin indizar | ||
| 600 | 0 | 7 | |a TOMASINI, ALFREDO |2 CL-VaPUC |9 515519 |
| 600 | 0 | 7 | |a CIPOLLETTI, MARIA SUSANA |2 CL-VaPUC |9 515520 |
| 650 | 0 | |a Etnología |9 258726 | |
| 650 | 0 | |a Aborígenes |9 329972 | |
| 650 | 0 | |a Mitología |9 255719 | |
| 650 | 0 | |a Cultura |9 269059 | |
| 650 | 7 | |a CHIRIGUANOS |2 CL-VaPUC |9 512534 | |
| 650 | 7 | |a TAPUI |2 CL-VaPUC |9 515521 | |
| 650 | 0 | |a Misioneros |9 324171 | |
| 650 | 0 | |a Franciscanos |9 267404 | |
| 650 | 0 | |a Ilustraciones |9 369481 | |
| 650 | 0 | |a Mapas |9 260844 | |
| 651 | 7 | |a GRAN CHACO |2 CL-VaPUC |9 507559 | |
| 651 | 0 | |a Paraguay |9 255336 | |
| 651 | 0 | |a Bolivia |9 255454 | |
| 583 | |a last modification |c 20070124 00:00:00 |k Rodrigo Vera | ||
| 490 | 0 | |a Cuadernos Franciscanos, 49 | |
| 999 | |c 323358 |d 323356 | ||
| 952 | |0 0 |1 0 |4 0 |6 984_000000000000000_CEN_1978 |7 0 |8 X |9 402877 |a FDOBUD |b FDOBUD |d 2019-11-22 |i 1060694 |o 984 CEN 1978 |p 1060694 |r 2019-11-22 |w 2019-11-22 |y BK_X |k BUD | ||